Essential Thermodynamics (Record no. 6091)

MARC details
000 -LEADER
fixed length control field 00512nam a22001937a 4500
003 - CONTROL NUMBER IDENTIFIER
control field OSt
005 - DATE AND TIME OF LATEST TRANSACTION
control field 20180419175532.0
008 - FIXED-LENGTH DATA ELEMENTS--GENERAL INFORMATION
fixed length control field 180419b xxu||||| |||| 00| 0 eng d
020 ## - INTERNATIONAL STANDARD BOOK NUMBER
International Standard Book Number 9781451564945
040 ## - CATALOGING SOURCE
Transcribing agency DDC
082 ## - DEWEY DECIMAL CLASSIFICATION NUMBER
Classification number 536.7 PAN 2014
100 ## - MAIN ENTRY--PERSONAL NAME
Personal name Panagiotopoulos, Athanassios Z.
9 (RLIN) 12609
245 ## - TITLE STATEMENT
Title Essential Thermodynamics
260 ## - PUBLICATION, DISTRIBUTION, ETC. (IMPRINT)
Place of publication, distribution, etc. USA; Drios Press, 2014
300 ## - PHYSICAL DESCRIPTION
Extent xiv,272p; ill: 25cm
504 ## - BIBLIOGRAPHY, ETC. NOTE
Bibliography, etc Appendices, & index included
650 ## - SUBJECT ADDED ENTRY--TOPICAL TERM
Topical term or geographic name as entry element Thermodynamics
9 (RLIN) 12610
942 ## - ADDED ENTRY ELEMENTS (KOHA)
Source of classification or shelving scheme Other/Generic Classification Scheme
Koha item type Book Bank
Holdings
Withdrawn status Lost status Source of classification or shelving scheme Damaged status Not for loan Home library Current library Date acquired Source of acquisition Inventory number Total Checkouts Full call number Barcode Date last seen Koha item type
    Dewey Decimal Classification     MUST Main Library MUST Main Library 19/04/2018   17/40544   536.7 PAN 2014 2018-0235 19/04/2018 Open Shelf